Parallel Processing and Applied Mathematics 11th International Conference, PPAM 2015, Krakow, Poland, September 6-9, 2015. Revised Selected Papers, Part II /

This two-volume-set (LNCS 9573 and 9574) constitutes the refereed proceedings of the 11th International Conference of Parallel Processing and Applied Mathematics, PPAM 2015, held in Krakow, Poland, in September 2015. The 111 revised full papers presented in both volumes were carefully reviewed and s...

Πλήρης περιγραφή

Λεπτομέρειες βιβλιογραφικής εγγραφής
Συγγραφή απο Οργανισμό/Αρχή: SpringerLink (Online service)
Άλλοι συγγραφείς: Wyrzykowski, Roman (Επιμελητής έκδοσης), Deelman, Ewa (Επιμελητής έκδοσης), Dongarra, Jack (Επιμελητής έκδοσης), Karczewski, Konrad (Επιμελητής έκδοσης), Kitowski, Jacek (Επιμελητής έκδοσης), Wiatr, Kazimierz (Επιμελητής έκδοσης)
Μορφή: Ηλεκτρονική πηγή Ηλ. βιβλίο
Γλώσσα:English
Έκδοση: Cham : Springer International Publishing : Imprint: Springer, 2016.
Σειρά:Lecture Notes in Computer Science, 9574
Θέματα:
Διαθέσιμο Online:Full Text via HEAL-Link
LEADER 03802nam a22006135i 4500
001 978-3-319-32152-3
003 DE-He213
005 20160401074347.0
007 cr nn 008mamaa
008 160401s2016 gw | s |||| 0|eng d
020 |a 9783319321523  |9 978-3-319-32152-3 
024 7 |a 10.1007/978-3-319-32152-3  |2 doi 
040 |d GrThAP 
050 4 |a QA76.758 
072 7 |a UMZ  |2 bicssc 
072 7 |a COM051230  |2 bisacsh 
082 0 4 |a 005.1  |2 23 
245 1 0 |a Parallel Processing and Applied Mathematics  |h [electronic resource] :  |b 11th International Conference, PPAM 2015, Krakow, Poland, September 6-9, 2015. Revised Selected Papers, Part II /  |c edited by Roman Wyrzykowski, Ewa Deelman, Jack Dongarra, Konrad Karczewski, Jacek Kitowski, Kazimierz Wiatr. 
264 1 |a Cham :  |b Springer International Publishing :  |b Imprint: Springer,  |c 2016. 
300 |a XXIV, 622 p. 198 illus.  |b online resource. 
336 |a text  |b txt  |2 rdacontent 
337 |a computer  |b c  |2 rdamedia 
338 |a online resource  |b cr  |2 rdacarrier 
347 |a text file  |b PDF  |2 rda 
490 1 |a Lecture Notes in Computer Science,  |x 0302-9743 ;  |v 9574 
505 0 |a The Third Workshop on Models, Algorithms, and Methodologies for Hierarchical Parallelism in New HPC Systems. Workshop on Power and Energy Aspects of Computation -- Workshop on Scheduling for Parallel Computing (SPC 2015) -- The 6th Workshop on Language-Based Parallel Programming Models (WLPP 2015) -- The 5th Workshop on Performance Evaluation of Parallel Applications on Large-Scale Systems -- Workshop on Parallel Computational Biology (PBC 2015) -- Workshop on Applications of Parallel Computation in Industry and Engineering -- Minisymposium on HPC Applications in Physical Sciences -- The Second Workshop on Applied High Performance Numerical Algorithms in PDEs -- Minisymposium on High Performance Computing Interval Methods -- Workshop on Complex Collective Systems -- Special Session on Algorithms, Methodologies and Frameworks for HPC in Geosciences and Weather Prediction. 
520 |a This two-volume-set (LNCS 9573 and 9574) constitutes the refereed proceedings of the 11th International Conference of Parallel Processing and Applied Mathematics, PPAM 2015, held in Krakow, Poland, in September 2015. The 111 revised full papers presented in both volumes were carefully reviewed and selected from 196 submissions. The focus of PPAM 2015 was on models, algorithms, and software tools which facilitate efficient and convenient utilization of modern parallel and distributed computing architectures, as well as on large-scale applications, including big data problems. 
650 0 |a Computer science. 
650 0 |a Computer communication systems. 
650 0 |a Computer programming. 
650 0 |a Software engineering. 
650 0 |a Algorithms. 
650 0 |a Computer science  |x Mathematics. 
650 1 4 |a Computer Science. 
650 2 4 |a Software Engineering. 
650 2 4 |a Algorithm Analysis and Problem Complexity. 
650 2 4 |a Information Systems Applications (incl. Internet). 
650 2 4 |a Programming Techniques. 
650 2 4 |a Computer Communication Networks. 
650 2 4 |a Mathematics of Computing. 
700 1 |a Wyrzykowski, Roman.  |e editor. 
700 1 |a Deelman, Ewa.  |e editor. 
700 1 |a Dongarra, Jack.  |e editor. 
700 1 |a Karczewski, Konrad.  |e editor. 
700 1 |a Kitowski, Jacek.  |e editor. 
700 1 |a Wiatr, Kazimierz.  |e editor. 
710 2 |a SpringerLink (Online service) 
773 0 |t Springer eBooks 
776 0 8 |i Printed edition:  |z 9783319321516 
830 0 |a Lecture Notes in Computer Science,  |x 0302-9743 ;  |v 9574 
856 4 0 |u http://dx.doi.org/10.1007/978-3-319-32152-3  |z Full Text via HEAL-Link 
912 |a ZDB-2-SCS 
912 |a ZDB-2-LNC 
950 |a Computer Science (Springer-11645)